Rappeurs par photo - Statistiques

Statistiques générales
  • Ce quiz a été pris 156 fois
  • Le résultat moyen est 9 sur 20
Statistiques - réponses
Par images Réponse % Correct
Booba
99%
SCH
93%
Koba La D
90%
Zola
87%
PLK
86%
Lacrim
63%
Da Uzi
52%
Luv Resval
51%
Guizmo
48%
Mister You
46%
Hornet La Frappe
35%
Ashe22
32%
Kekra
28%
Siboy
21%
Hayce Lemsi
20%
Doria
18%
Green Montana
16%
Roshi
14%
Bushi
13%
Diddi Trix
13%
Aucun quiz correspondant
Distribution des résultats
% des personnes avec chaque résultat
Percentile par nombre de réponses
Votre historique - résultats
Vous n’avez pas pris ce quiz